MDQL
is popping MORE tags! Check the
thread
!
Quizzes
Events
Quiz Creation
Community
Videos
Private Events
Remove Ads
Sign In
Join for FREE
Feedback
Dark Mode
Quiz Categories
Sports
Geography
Music
Movies
Television
Just For Fun
Miscellaneous
History
Literature
Language
Science
Gaming
Entertainment
Religion
Holiday
For Kids
Quiz Lab
Recent
Popular Today
Quiz Kudos Today
Editor Picks
Curator Picks
Quizzes by...
Day
Popularity
Type
Ratings
Length
Year
Community
Subscriptions
Recent Discussions
Orange Saloon
Badges
Playlists
Quests
Create
Leaderboards
Showdown
Live 5
Trivia Bingo
Activity
Puzzle Library
Sporcle Events
Private Events
Virtual Trivia
Globe League
Become a Host
Pub Owners
SporcleCon
Opinionation
Our Games
Videos
Blog
Mobile Apps
Partnerships
Remove Ads and Go Orange
Feedback
Sports
Athletes
MLB
NBA
NHL
NFL
Soccer
Sports Teams
WWE
NCAA
Football
Premier League
Basketball
Baseball
Hockey
Golf
Tennis
Cricket
Rugby
Auto Racing
Olympics
World Cup
Sports
Athletes
MLB
NBA
NHL
NFL
Soccer
Sports Teams
WWE
NCAA
Football
Premier League
Basketball
Baseball
Hockey
Golf
Tennis
Cricket
Rugby
Auto Racing
Olympics
World Cup
Random Quiz
Search Sporcle
×
Quiz Lab
Quiz Lab
Sports
Soccer
Type in answers that appear in a list
Type in answers that appear in a list
Classic
Best Score? Go Orange.
RC Lens XIs from 2010-11 to 2016-17 Stats
Can you name the RC Lens XIs from 2010-11 to 2016-17
By
Ligue_Huns
8m
84 Questions
224 Plays
224 Plays
224 Plays
Comments
Comments
Give Quiz Kudos
Give Quiz Kudos
-
- Ratings
hide this ad
Replay
Link that replays current quiz
Next Quiz
Link to next quiz in quiz playlist
You Got
0%
They Got
Avg Score
54%
Avg Friend Score
Upgrade to see
Score Distribution
Jump to the score distribution portion of the page
Score
0/84
Timer
08:00
0
Plays Today
% Correct
Benjamin Bourigeaud
85.2%
Benjamin Bourigeaud
82.4%
Vedran Runje
81.3%
Rudy Riou
80.8%
Rudy Riou
80.8%
Wylan Cyprien
79.4%
Nicolas Douchez
77.5%
Wylan Cyprien
76.8%
Abdoul Ba
76.4%
Raphaël Varane
75.4%
Alaeddine Yahia
71.4%
Alaeddine Yahia
71.4%
Alaeddine Yahia
71.4%
Alaeddine Yahia
71.4%
Pierrick Valdivia
70.4%
Antoine Kombouaré
70.4%
Antoine Kombouaré
70.3%
Antoine Kombouaré
70.3%
Alphonse Aréola
68.8%
Pierrick Valdivia
68.3%
Pierrick Valdivia
68.3%
Pierrick Valdivia
68.3%
Yohan Démont
66.5%
Yohan Démont
66.5%
Yohan Démont
66.5%
Jean-Philippe Gbamin
64.3%
Pablo Chavarria
64.3%
Jean-Philippe Gbamin
64.3%
% Correct
Pablo Chavarria
64.3%
Adamo Coulibaly
63.8%
Joris Delle
63.3%
Pablo Chavarria
63.3%
Ludovic Baal
61.2%
Ludovic Baal
61.2%
Ludovic Baal
61.2%
Ludovic Baal
61.2%
Alain Casanova
61%
Toifilou Maoulida
58.9%
Yoann Touzghar
58.5%
Yoann Touzghar
58.5%
Yoann Touzghar
58.5%
Jean-Louis Garcia
58.4%
Eric Sikora
58.4%
David Pollet
58%
David Pollet
58%
Kenny Lala
57.7%
Danijel Ljuboja
57.1%
Kenny Lala
56.8%
Dusan Cvetinovic
56%
Geoffrey Kondogbia
55.4%
Kevin Fortuné
52.7%
Loïc Landre
51.3%
Jean-Guy Wallemme
51.1%
Jean-Kevin Duverne
51.1%
John Bostock
50.5%
Loic Landre
50%
% Correct
Loic Landre
50%
Mickaël Fabre
49.6%
Abdellah Zoubir
49.5%
Henri Bédimo
48.7%
Sébastien Roudet
48.7%
Karim Hafez
47.8%
Eduardo
46.9%
Eduardo
46.9%
Cristian
46.7%
Adil Hermach
46.4%
Issam Jemâa
46.4%
Ahmed Kantari
46.4%
Ahmed Kantari
46.4%
Lalaina Nomenjanahary
42.4%
Mathias Autret
39.2%
Jordan Ikoko
37.7%
Chaouki Ben-Saada
36.2%
Franck Queudrue
35.7%
Kanga Akalé
34.8%
Pascal Berenguer
33.5%
Djiman Koukou
32.4%
Alexandre Coeff
31.7%
Zakarya Bergdich
29.9%
Zakarya Bergdich
29.9%
Jérôme Le Moigne
27.7%
Jérôme Le Moigne
27.7%
Jérôme Le Moigne
27.7%
Marcel Tisserand
24.6%
Quiz Playlist
Details
Report
Send in Message
Add To Playlist
Classic:
Type in answers that appear in a list
Last Updated: May 28, 2017
Quiz Scoreboard
CHALLENGE
Sign Up to Join the Scoreboard
Show All
Scores
Hide
Comments
May contain spoilers
Recently Published
1-10 Letter E Words III
by El_Dandy
Language
2m
Street Fighter Characters
by Artimus82
Gaming
60s
College Basketball Coaching Resumes
by pancakes188
Sports
9m
More to Explore
Quiz From the Vault
Featured Blog Post
Where Did the Easter Bunny Come From?
hide this ad
You Might Also Like...
Tags
Soccer Quiz
Ligue 1
Squad
XIs
Today's Top Quizzes in Sports
Browse Sports
hide this ad
Today's Top Quizzes in Soccer
Browse Soccer
Top Contributed Quizzes in Sports
1
2022 World Cup Stars
2
Les meilleurs buteurs des matchs entre le PSG et l’OM
3
FIFA Club World Cup Champions
4
Les entraîneurs de l'OM et du PSG au 21e siècle
5
Criteria MLB: Left Handed Sluggers
6
2023 MLB Unique Player Accomplishments
7
AFC Teams Reveal (Wrong Answers Minefield)
8
Players with Multiple 50 Home Run Seasons
9
5-to-1: FBS Animal Nicknames
10
5-to-1: UK Sports Teams
Explore More
Trending Topics
Harry Potter
Crossword
Anime
Disney
NBA
Kpop
Marvel
NFL
Pokémon
Country
Song
The Office
Puzzle
WWE
Soccer
hide this ad
More By:
Ligue_Huns
Quiz
Plays
Rating
Category
Featured
Created
FC Barcelona XIs from 1998-99 to 2022-23
32,305
4.86
Sports
Jan 6, 2016
Liverpool FC XIs from 1998-99 to 2022-23
28,734
4.89
Sports
Feb 2, 2016
Real Madrid XIs from 1998-99 to 2022-23
27,329
4.42
Sports
Jan 6, 2016
Manchester United XIs from 1998-99 to 2022-23
23,633
4.83
Sports
Feb 2, 2016
Chelsea FC XIs from 1998-99 to 2022-23
21,483
5.00
Sports
Feb 2, 2016
Go to Creator's Profile
Score Distribution
Quiz Creator Spotlight
Ligue_Huns
Follow
Send a Message
Quizzes Created
-
Created Quiz Play Count
-
More By This Creator
Popular Quizzes Today
1
Find the US States - No Outlines Minefield
2
Find the Countries of Europe - No Outlines Minefield
3
The Countries of the World
4
Find the US States
5
Risky Map Clicking: Biggest States A-Z
6
US States
7
Popular People in 1961
8
Movies - When Are They Set?
More Sports Quizzes
Tennis Grand Slam Winners (1990s)
Published
Trending Quizzes
Risky Map Clicking: Least Populous States A-Z
Billboard Blitz: Aretha Franklin
Famous Russians: Author or Composer?
1-10 Letter G Words
Countries of the World: 200 Million BC
Recently Updated
Leaping Animals
pecheneg
Reality TV Shows (A-Z)
bhenderson79
Rickey Henderson's Hall of Fame Teammates
pecheneg
Champions League XIs: Arsenal
pecheneg
Quick Pick: Celebrities in WWE's Hall of Fame
aduchscher
A-Z Keypad Blitz II
pecheneg
Multiple Oscar Actors
pecheneg
Mystery Phrase Blitz: Oscar 'Best Actors'
pecheneg
F. Scott Fitzgerald Novels
LTH
Pick 3 Villains
ddd62291
Trending Topics
Anime
Marvel
Kpop
NBA
Harry Potter
Crossword
Disney
Country
Pokémon
NFL
Soccer
Puzzle
WWE
The Office
Song
Your Account Isn't Verified!
In order to create a playlist on Sporcle, you need to verify the email address you used during registration. Go to your
Sporcle Settings
to finish the process.
Report this User
Report this user for behavior that violates our
Community Guidelines
.
Details:
Send Report
Go to the Sporcle.com Mobile Site →
Comments